| 000 | 01067nam a2200289 a 4500 | ||
|---|---|---|---|
| 999 |
_c529422 _d529422 |
||
| 001 | 3734624 | ||
| 003 | NUST | ||
| 005 | 20190925163440.0 | ||
| 008 | 810930s1980 dcu 000 0 eng | ||
| 010 | _a 81050520 | ||
| 020 |
_a0309031540 (pbk.) : _c$6.00 |
||
| 038 | _amsohail | ||
| 040 |
_aDLC _cDLC _dDLC |
||
| 043 | _an-us--- | ||
| 050 | 0 | 0 |
_aHE4461 _b.S73 |
| 082 | 0 | 0 |
_a388.4042 _219 |
| 245 | 0 | 0 | _aState transit-management assistance to local communities. |
| 260 |
_aWashington, D.C. : _bTransportation Research Board, National Research Council, _c1980. |
||
| 300 |
_a34 p. ; _c28 cm. |
||
| 490 | 1 |
_aSynthesis of highway practice / National Cooperative Highway Research Program, _x0547-5570 ; _v74 |
|
| 650 | 0 |
_aLocal transit _zUnited States _xFinance. _921439 |
|
| 650 | 0 |
_aTransportation and state _zUnited States _xStates. _921440 |
|
| 710 | 2 |
_aNational Research Council (U.S.). _bTransportation Research Board. _919676 |
|
| 830 | 0 |
_aSynthesis of highway practice ; _v74. _921441 |
|
| 906 |
_a7 _bcbc _corignew _d2 _eocip _f19 _gy-gencatlg |
||
| 942 |
_2ddc _cBK |
||